[Event "GRE-chT 51st"]
[Site "Trikala"]
[Date "2024.07.04"]
[Round "1.8"]
[White "Petridis, Dimitrios Panagioti"]
[Black "Trapalis, Theodoros"]
[Result "1/2-1/2"]
[WhiteElo "1760"]
[BlackElo "1860"]
[PlyCount "205"]
[EventDate "2024.07.04"]
[EventType "team-swiss"]
[EventRounds "7"]
[EventCountry "GRE"]
[SourceTitle "CBM 221 Extra"]
[Source "ChessBase"]
[SourceDate "2024.09.30"]
[SourceVersion "1"]
[SourceVersionDate "2024.09.30"]
[SourceQuality "1"]
[WhiteTeam "Thessaloniki Lefkos Pyrgos"]
[BlackTeam "Peiraikos OS"]
[WhiteTeamCountry "GRE"]
[BlackTeamCountry "GRE"]

1. e4 c5 2. Nf3 Nc6 3. d4 cxd4 4. Nxd4 Nf6 5. Nc3 e5 6. Nde2 Bb4 7. a3 Be7 8. g3 d6 9. Bg2 Be6 10. 0-0 0-0 11. Nd5 Bxd5 12. exd5 Nb8 13. c4 Nbd7 14. Nc3 Rc8 15. b3 a6 16. a4 Ne8 17. Be3 g6 18. a5 Ng7 19. f4 Nf5 20. Bf2 exf4 21. gxf4 Bf6 22. Qd2 Nc5 23. Rab1 Bh4 24. b4 Nd7 25. Qd3 Qc7 26. Bxh4 Nxh4 27. Ne4 Nxg2 28. Kxg2 Qxc4 29. Qxc4 Rxc4 30. Nxd6 Rc2+ 31. Rf2 Rxf2+ 32. Kxf2 Nf6 33. Nxb7 Nxd5 34. Nc5 Ra8 35. Kf3 f5 36. b5 Nc3 37. Rb3 Nxb5 38. Ke3 Re8+ 39. Kd3 Rd8+ 40. Ke3 Re8+ 41. Kd3 Rd8+ 42. Ke3 Nc7 43. Rb7 Nd5+ 44. Kf3 Rc8 45. Nxa6 Rc3+ 46. Kf2 Ra3 47. Nc7 Nxc7 48. Rxc7 Rxa5 49. h4 Ra2+ 50. Kg3 Ra3+ 51. Kg2 Re3 52. Ra7 h5 53. Rb7 Kf8 54. Ra7 Re7 55. Ra6 Kf7 56. Kf3 Rc7 57. Rb6 Rc3+ 58. Kg2 Re3 59. Ra6 Re6 60. Ra7+ Kf6 61. Rb7 Rd6 62. Rb5 Ke6 63. Re5+ Kd7 64. Ra5 Rb6 65. Rc5 Kd6 66. Re5 Rc6 67. Ra5 Rc5 68. Ra6+ Rc6 69. Ra5 Rc5 70. Ra6+ Kd5 71. Rxg6 Ke4 72. Rg5 Kxf4 73. Rxh5 Rc2+ 74. Kf1 Ke4 75. Rg5 Rh2 76. h5 Kf4 77. Rg2 Rh1+ 78. Kf2 Rxh5 79. Rg8 Rh2+ 80. Kg1 Rb2 81. Ra8 Kg4 82. Ra3 f4 83. Ra8 Kg3 84. Rg8+ Kf3 85. Rf8 Rg2+ 86. Kf1 Rd2 87. Kg1 Rd1+ 88. Kh2 Rd4 89. Kg1 Rd1+ 90. Kh2 Rf1 91. Re8 Kf2 92. Ra8 Re1 93. Rf8 f3 94. Ra8 Re5 95. Ra2+ Re2 96. Ra3 Kf1+ 97. Kg3 f2 98. Ra1+ Re1 99. Ra2 Re3+ 100. Kh2 Rd3 101. Ra1+ Ke2 102. Kg2 Rd2 103. Rf1 1/2-1/2

[Event "GRE-ch Schools Gym-A"]
[Site "Athens"]
[Date "2022.06.13"]
[Round "6"]
[White "Petridis, Dimitrios Panagioti"]
[Black "Mavridis, Emmanouil"]
[Result "0-1"]
[WhiteElo "1351"]
[BlackElo "1424"]
[PlyCount "130"]
[EventDate "2022.06.12"]
[EventType "swiss"]
[EventRounds "9"]
[EventCountry "GRE"]
[SourceTitle "EXT 2023"]
[Source "ChessBase"]
[SourceDate "2022.10.05"]
[SourceVersion "1"]
[SourceVersionDate "2022.10.05"]
[SourceQuality "1"]

1. e4 e5 2. Nf3 Nc6 3. Bc4 Bc5 4. c3 Nf6 5. d3 d6 6. 0-0 a6 7. Nbd2 Ba7 8. Bb3 0-0 9. h3 h6 10. Re1 Be6 11. Bc2 Ne7 12. d4 Ng6 13. d5 Bd7 14. Nf1 Qe7 15. Qe2 c6 16. c4 cxd5 17. exd5 b5 18. b3 bxc4 19. bxc4 Bc5 20. a3 Qd8 21. Bxg6 fxg6 22. Ng3 Qb6 23. Be3 Bxe3 24. Qxe3 Qxe3 25. fxe3 Rab8 26. Rab1 Bf5 27. e4 Rxb1 28. Rxb1 Nxe4 29. Nxe4 Bxe4 30. Rb6 Bxf3 31. gxf3 Rxf3 32. Rxd6 Rxa3 33. c5 Rc3 34. c6 Kf7 35. Re6 Rc5 36. Rxe5 a5 37. Kf2 a4 38. Ke3 a3 39. Kd4 Rc1 40. Re2 h5 41. Ke5 Ke7 42. d6+ Kd8 43. c7+ Kd7 44. Rd2 Rc4 45. Kd5 Rc6 46. Ke5 Rc3 47. Kd4 Rc1 48. Kd5 Rc3 49. Kd4 Rc6 50. Ke5 Rc5+ 51. Ke4 g5 52. Ke3 Re5+ 53. Kd4 Re6 54. Kc5 Re5+ 55. Kb6 Re3 56. Ka7 Rc3 57. Kb7 Rb3+ 58. Ka6 Rb2 59. Rd5 a2 60. Ra5 Rc2 61. Kb7 Rb2+ 62. Ka6 g4 63. hxg4 hxg4 64. Ra3 g3 65. Ka5 g2 0-1

[Event "Thessaloniki White Tower op-C 41th"]
[Site "Thessaloniki"]
[Date "2019.01.06"]
[Round "5.3"]
[White "Hrysafis, Konstandinos"]
[Black "Petridis, Dimitrios Panagioti"]
[Result "1/2-1/2"]
[WhiteElo "1127"]
[BlackElo "1220"]
[PlyCount "128"]
[EventDate "2019.01.02"]
[EventType "swiss"]
[EventRounds "6"]
[EventCountry "GRE"]
[SourceTitle "EXT 2024"]
[Source "ChessBase"]
[SourceDate "2023.10.10"]
[SourceVersion "1"]
[SourceVersionDate "2023.10.10"]
[SourceQuality "1"]

1. e4 c5 2. c3 d6 3. d4 Nf6 4. dxc5 dxc5 5. Qxd8+ Kxd8 6. f3 a6 7. Be3 e6 8. Nd2 Nc6 9. 0-0-0 Kc7 10. Nc4 b5 11. Bf4+ Kb7 12. Nd6+ Bxd6 13. Bxd6 c4 14. Bg3 Rd8 15. Rxd8 Nxd8 16. Ne2 Nc6 17. Nd4 Bd7 18. Be2 h6 19. Bf2 Rd8 20. Rd1 Nxd4 21. cxd4 Bc6 22. Kc2 g5 23. a4 Nh5 24. axb5 axb5 25. Ra1 f5 26. exf5 exf5 27. b3 Nf4 28. Bf1 Bd5 29. bxc4 Bxc4 30. Bxc4 bxc4 31. Ra5 Nd3 32. Bg1 Ne1+ 33. Kc3 f4 34. Kxc4 Nxg2 35. Bf2 Rc8+ 36. Kd3 Rc1 37. Ra2 Rh1 38. Ke4 Rd1 39. Rc2 Ne1 40. Bxe1 Rxe1+ 41. Kf5 Re3 42. Rf2 Kc6 43. h4 Rd3 44. hxg5 hxg5 45. Kxg5 Rxd4 46. Re2 Kd5 47. Kf5 Ra4 48. Rd2+ Kc5 49. Ke5 Rb4 50. Rd5+ Kc6 51. Rd6+ Kc7 52. Rf6 Kd7 53. Rxf4 Rb6 54. Rf7+ Ke8 55. Rf6 Rb5+ 56. Ke6 Rb6+ 57. Kf5 Rb5+ 58. Kg6 Ke7 59. f4 Rh5 60. Rf7+ Ke8 61. f5 Rh6+ 62. Kxh6 Kxf7 63. Kh5 Kf6 64. Kg4 Kf7 1/2-1/2

[Event "GRE-ch U10"]
[Site "Rio Achaia"]
[Date "2018.07.05"]
[Round "4"]
[White "Saklampanakis, Dimitrios"]
[Black "Petridis, Dimitrios Panagioti"]
[Result "1-0"]
[WhiteElo "1358"]
[BlackElo "1132"]
[PlyCount "93"]
[EventDate "2018.07.03"]
[EventType "swiss"]
[EventRounds "9"]
[EventCountry "GRE"]
[SourceTitle "EXT 2019"]
[Source "ChessBase"]
[SourceDate "2018.10.10"]
[SourceVersion "1"]
[SourceVersionDate "2018.10.10"]
[SourceQuality "1"]

1. e4 c5 2. Nf3 e6 3. d4 cxd4 4. Nxd4 Nf6 5. Nc3 d6 6. f3 Be7 7. Be3 a6 8. Qd2 Qc7 9. 0-0-0 0-0 10. g4 b5 11. Kb1 Bb7 12. g5 Nfd7 13. h4 Nb6 14. h5 d5 15. g6 e5 16. h6 exd4 17. gxh7+ Kxh7 18. hxg7+ Kxg7 19. Qg2+ Kf6 20. Qg5+ Ke6 21. Qf5+ Kd6 22. Bf4+ Kc6 23. Bxc7 Kxc7 24. Qe5+ Bd6 25. Qxd4 Nc6 26. Qd2 d4 27. Nd5+ Nxd5 28. exd5 Ne5 29. Qxd4 Nxf3 30. Qc3+ Kd7 31. Qxf3 Rfe8 32. Bh3+ Kc7 33. Qxf7+ Re7 34. Qf3 Rae8 35. Qc3+ Kb8 36. Rhe1 Be5 37. Qd2 Bd6 38. Rxe7 Rxe7 39. a3 Re8 40. Qh6 Bf8 41. Qf4+ Ka8 42. d6 Rd8 43. d7 Bc6 44. Qc7 Be7 45. Qxc6+ Ka7 46. Qc7+ Ka8 47. Bg2# 1-0